000 00621nam a22001937a 4500
005 20250220170841.0
010 _aENG-143445
020 _a9789381234907
_c595.00
035 _aEN-126977
037 _bDBAD
082 _a363.73874
100 _aTripathi, Snigdha
_978349
245 _aSustainable Development and Environment/
_cBy Snigdha Tripathi
250 _a1
260 _aDelhi
_bAnkit Publications
_c2019
270 _bDelhi
_e110009
_mankitpublications@gmail.com
_aR-69, 3rd Floor, Model Town-3, Delhi
_k9891553405
300 _a190p.
_c22cm(hb)
_bIll.
942 _2ddc
_cEN
_h363.73874
_mTRI
_e1
999 _c209603
_d209603